| 000 | 00557nam a2200193Ia 4500 | ||
|---|---|---|---|
| 005 | 20250508161508.0 | ||
| 008 | 008 250505s9999 xx 000 0 eng d | ||
| 037 | _aTextual | ||
| 040 |
_aFEDL _beng _cFEDL |
||
| 041 |
_aeng _2eng |
||
| 084 |
_a372.21, PAD _qFEDL |
||
| 100 | _aPadam Chand | ||
| 245 | 0 | _aPurposeful activities : For children under six | |
| 260 |
_aDelhi, India _bThe Happy Schools' Society _c1959 |
||
| 300 | _a30p | ||
| 650 |
_aPre-school education _9759865 |
||
| 942 |
_cTEXL _h372.21, PAD |
||
| 999 |
_c1370310 _d1370310 |
||